| 000 | 00512nam a2200169Ia 4500 | ||
|---|---|---|---|
| 008 | 090201s9999 xx 000 0 und d | ||
| 010 | _aKPL-72219 | ||
| 040 | _bमराठी | ||
| 041 | _aमराठी | ||
| 082 |
_a52489 _b72219 |
||
| 100 | _aसुहास शिरवळकर | ||
| 245 |
_aप्रयास _cसुहास शिरवळकर |
||
| 260 |
_c2005 _bशशिदीप प्रकाशन |
||
| 300 |
_a250 _bलहान |
||
| 600 | _aप्रयास | ||
| 942 | _cBOOK | ||
| 999 |
_c248937 _d248937 |
||